| 000 | 00763nam a2200193 a 4500 | ||
|---|---|---|---|
| 008 | 120319c20049999||||||||||||||||| || u | ||
| 050 | _aCD/QP 356.2 Byr | ||
| 100 | _aByrne, John H | ||
| 245 | 1 | 0 |
_aFrom molecules to networks : an introduction to cellular and molecular neuroscience. [electronic resource] _h[cd-rom] |
| 260 |
_aAmsterdam: _bElsevier Academic Press _c2004. |
||
| 300 | _a4 3/4 in | ||
| 350 | _a0.00 | ||
| 500 | _aaccompanied by a text book available in main collection | ||
| 650 | 7 |
_aSCIENCE _2fast |
|
| 650 | _aNEUROSCIENCE | ||
| 650 | _aMOLECULAR-- CELLULAR | ||
| 700 | _aRoberts, James L | ||
| 995 |
_D0.00 _FCBU-MAIN LIBRARY (Kitwe) _H1 _I0.00 _M1 _UAVAILABLE _WMar 19, 2012 _Ze-Media Collection |
||
| 999 |
_c44039 _d44039 |
||